{"text_format":"3","workbook":"xlsx","n_sheets":1,"sheets":["Math 221 Data Sheet"],"read":"whole","date_system":"1900"}

{"sheet":"Math 221 Data Sheet","index":0,"n_rows":36,"n_cols":20,"rows_kept":36}
["Drive (miles)","State","Shoe Size","Height (inches)","Sleep (hours)","Gender","Car Color","TV (hours)","Money (dollars)","Coin","Die1","Die2","Die3","Die4","Die5","Die6","Die7","Die8","Die9","Die10"]
[20,"OR",7,65,4,"F","green",1,{"v":46,"d":"46.00"},4,5,5,1,5,2,1,5,1,6,3]
[28,"NY",7,67,4,"F","black",1,{"v":25,"d":"25.00"},4,6,2,6,5,5,4,3,1,3,1]
[54,"NV",11,65,4,"F","silver",5,{"v":54,"d":"54.00"},7,6,2,3,6,1,5,3,6,5,1]
[76,"PA",11,63,4,"M","silver",5,{"v":13,"d":"13.00"},5,4,5,2,3,3,5,3,6,2,1]
[36,"TX",7,66,5,"M","orange",3,{"v":7,"d":"7.00"},3,2,4,4,1,6,3,1,6,4,4]
[88,"SC",6,63,5,"F","black",3,{"v":43,"d":"43.00"},6,6,2,4,2,3,5,3,1,4,2]
[6,"MI",10,66,6,"M","black",5,{"v":34,"d":"34.00"},3,4,4,5,1,4,4,5,5,5,1]
[25,"CA",8,69,6,"F","silver",4,{"v":30,"d":"30.00"},4,3,5,3,6,1,3,1,4,1,5]
[40,"IL",10,68,6,"M","silver",5,{"v":16,"d":"16.00"},5,2,2,4,2,1,3,2,4,4,2]
[42,"IL",8,65,6,"F","red",4,{"v":4,"d":"4.00"},4,3,4,1,3,2,5,5,5,6,6]
[55,"OH",9,67,6,"F","dark blue",4,{"v":27,"d":"27.00"},2,2,6,5,5,5,3,5,2,3,3]
[71,"MI",11,64,6,"F","silver",2,{"v":1,"d":"1.00"},2,4,3,5,4,3,1,2,3,6,1]
[76,"NY",9,63,6,"M","silver",4,{"v":38,"d":"38.00"},2,3,5,2,1,2,3,4,5,5,3]
[78,"CA",11,63,6,"M","blue",2,{"v":47,"d":"47.00"},2,3,4,4,5,2,5,5,4,6,5]
[4,"NY",9,69,7,"F","blue",5,{"v":21,"d":"21.00"},5,4,2,1,5,6,5,2,1,6,2]
[20,"IL",5,62,7,"F","black",3,{"v":10,"d":"10.00"},2,2,4,5,4,5,5,6,3,4,1]
[25,"GA",9,63,7,"M","silver",3,{"v":53,"d":"53.00"},5,2,4,4,2,5,2,3,4,3,3]
[29,"TX",11,70,7,"M","silver",2,{"v":28,"d":"28.00"},3,3,3,2,6,6,6,6,5,5,1]
[33,"TX",9,75,7,"M","silver",5,{"v":54,"d":"54.00"},7,4,6,2,6,4,3,1,4,3,5]
[36,"MI",10,61,7,"M","blue",6,{"v":5,"d":"5.00"},2,6,6,4,5,4,4,6,4,6,6]
[36,"IL",12,61,7,"M","red",4,{"v":14,"d":"14.00"},3,2,5,3,6,4,3,2,4,3,3]
[36,"OR",9,73,7,"M","blue",5,{"v":23,"d":"23.00"},5,2,5,1,4,5,1,1,1,2,1]
[63,"MI",5,69,7,"F","orange",3,{"v":9,"d":"9.00"},2,6,2,4,4,6,2,2,5,3,1]
[73,"FL",12,70,7,"F","green",4,{"v":15,"d":"15.00"},3,1,6,4,6,2,3,2,2,4,6]
[73,"SC",11,68,7,"F","red",2,{"v":18,"d":"18.00"},5,4,2,3,1,6,4,3,3,3,2]
[76,"NY",9,65,7,"F","red",6,{"v":7,"d":"7.00"},2,1,6,6,5,1,5,2,5,1,6]
[80,"FL",9,66,7,"F","black",5,{"v":22,"d":"22.00"},2,6,4,4,2,2,4,1,1,2,1]
[33,"SC",11,68,8,"M","blue",1,{"v":9,"d":"9.00"},4,5,1,5,6,2,5,2,1,3,2]
[54,"FL",9,70,8,"F","green",2,{"v":5,"d":"5.00"},3,5,4,3,3,3,3,6,3,4,2]
[63,"PA",10,66,8,"F","silver",3,{"v":5,"d":"5.00"},7,3,1,2,1,6,5,4,2,1,5]
[76,"PA",11,70,8,"F","blue",3,{"v":5,"d":"5.00"},4,4,4,5,2,4,4,1,3,3,1]
[80,"NV",12,69,8,"M","white",4,{"v":3,"d":"3.00"},4,2,3,2,5,6,4,6,3,2,6]
[80,"SC",10,63,8,"F","black",2,{"v":7,"d":"7.00"},7,4,4,1,6,3,2,4,6,5,1]
[94,"KY",11,74,8,"M","red",3,{"v":20,"d":"20.00"},4,3,5,3,2,6,4,5,3,4,4]
[6,"OR",13,75,10,"M","silver",6,{"v":7,"d":"7.00"},4,2,1,2,6,4,5,2,2,3,5]